000 00348nam a2200157Ia 4500
003 OSt
005 20240207124121.0
008 170524s9999 xx 000 0 und d
020 _a978-0071289399
040 _cIIMT UNIVERSITY
100 _aLUTANS FRED
100 _c2011
245 0 _aORGANIZATIONAL BEHAVIOUR
260 _aTMH
942 _2ddc
_c02
999 _c2648
_d2648